00269nam a2200085Ia 4500008004100000041001200041100003000053245006300083260003700146231217s9999 xx 000 0 und d aEnglish aBureau of indian standard 0aI S Specification for probe, aural, jobson horne's pattern c1989bBureau of Indian Standard,